000 00457nam a22001577a 4500
003 OSt
005 20140310182501.0
008 130806t xxu||||| |||| 00| 0 eng d
050 _aPE 1404
_b.V718 2009
100 _aVillanueva, Perla M.
_98663
245 _aImproving your Writing Skills /
_cPerla M. Villanueva.
260 _aPhilippines :
_bBooks Atbp. Publishing Corp.,
_cc2009.
300 _a295 p. :
_c25 cm.
942 _2lcc
_cSSLC
999 _c13805
_d13805